| 000 | 00437nam a2200133Ia 4500 | ||
|---|---|---|---|
| 008 | 210430s9999 xx 000 0 und d | ||
| 020 | _a9789381714485 | ||
| 082 | _a671.37 R1651P | ||
| 100 |
_aRamakrishnan _954700 |
||
| 245 |
_aPowder Metallurgy: for Automotive, Aluminium Alloys, Hard and Super Hard Materials / _cRamakrishnan |
||
| 260 |
_aNew Dehli. _bScientific International PVT. LTD. _c2014 |
||
| 300 | _a213p. | ||
| 942 |
_cREF _2ddc |
||
| 999 |
_c565362 _d565362 |
||